Úber den Widerspruch zwischen agrarökonomischer Theorie und agrarwirtschaftlicher Realität und dessen Auflösung. Anmerkungen zu einem bemerkenswerten Aufsatz von Bruce Gardner im Journal of Economic Literature.
Nesúlad faktorovej produktivity a faktorových príjmov ako agrárny problém. Pokus o vysvetlenie prostredníctvom mikroekonomického zdôvodnenia. Teória poľnohospodárskych domácností a analýza ich príjmov. Organizácia poľnohospodárskej výroby a adaptačná schopnosť rodinných fariem na požiadavky technick...
Salvato in:
| Autore principale: | |
|---|---|
| Natura: | Capitolo di libro |
| Lingua: | tedesco |
| Soggetti: | |
| Tags: |
Nessun Tag, puoi essere il primo ad aggiungerne!!
|
MARC
| LEADER | 00000naa a2200000 4500 | ||
|---|---|---|---|
| 001 | r011599 | ||
| 005 | 20221130112509.7 | ||
| 041 | 0 | |a ger | |
| 044 | |a DE | ||
| 245 | 1 | 0 | |a Úber den Widerspruch zwischen agrarökonomischer Theorie und agrarwirtschaftlicher Realität und dessen Auflösung. |b Anmerkungen zu einem bemerkenswerten Aufsatz von Bruce Gardner im Journal of Economic Literature. |c G. Schmitt |
| 520 | |a Nesúlad faktorovej produktivity a faktorových príjmov ako agrárny problém. Pokus o vysvetlenie prostredníctvom mikroekonomického zdôvodnenia. Teória poľnohospodárskych domácností a analýza ich príjmov. Organizácia poľnohospodárskej výroby a adaptačná schopnosť rodinných fariem na požiadavky technického pokroku. | ||
| 610 | 2 | 0 | |a teórie ekonomické |
| 610 | 2 | 0 | |a Gardner, B. |
| 610 | 2 | 0 | |a produktívnosť |
| 610 | 2 | 0 | |a príjmy |
| 610 | 2 | 0 | |a analýza faktorová |
| 610 | 2 | 0 | |a mikroekonomika |
| 610 | 2 | 0 | |a poľnohospodárstvo |
| 610 | 2 | 0 | |a domácnosti |
| 610 | 2 | 0 | |a organizácia výroby |
| 610 | 2 | 0 | |a farmy |
| 610 | 2 | 0 | |a pokrok technický |
| 100 | 1 | |a Schmitt, G. | |